Southville International School and Colleges
Your cart is empty.
  • Cart
  • Lists
    Public lists list_1 View all
    Your lists Log in to create your own lists
  • Log in to your account
  • Your cookies
  • Search history
Southville International School and Colleges
  • Advanced search
  • Recent comments
  • Most popular
  • Libraries

Log in to your account

Log in with GOOGLE


If you do not have an external account, but do have a local account, you can still log in:

  1. Home
  2. MARC view: Makabagong filipino sa nagbabagong panahon :
Normal view MARC view ISBD view

Makabagong filipino sa nagbabagong panahon : (Record no. 335169)

[ view plain ]
MARC details
000 -LEADER
fixed length control field 00658nam a22001697a 4500
003 - CONTROL NUMBER IDENTIFIER
control field SISC
005 - DATE AND TIME OF LATEST TRANSACTION
control field 20170523114205.0
008 - FIXED-LENGTH DATA ELEMENTS--GENERAL INFORMATION
fixed length control field 170523b xxu||||| |||| 00| 0 eng d
020 ## - INTERNATIONAL STANDARD BOOK NUMBER
International Standard Book Number 9789719801740
050 ## - LIBRARY OF CONGRESS CALL NUMBER
Classification number PL 6051
Item number .M35 2014
100 ## - MAIN ENTRY--PERSONAL NAME
Personal name Nuncio, Elizabeth Morales.
245 ## - TITLE STATEMENT
Title Makabagong filipino sa nagbabagong panahon :
Remainder of title batayang aklat sa kapaki-kapakinabang na komunikasyon sa ika-21 siglo (Filipino 1) /
Statement of responsibility, etc Elizabeth Morales-Nuncio (and 4 others).
260 ## - PUBLICATION, DISTRIBUTION, ETC. (IMPRINT)
Place of publication, distribution, etc Quezon City :
Name of publisher, distributor, etc C & E Publishing, Inc,
Date of publication, distribution, etc 2014.
300 ## - PHYSICAL DESCRIPTION
Extent xi, 264 pages :
Other physical details illustrations ;
Dimensions 21 cm.
500 ## - GENERAL NOTE
General note Includes bibliographical references and index.
942 ## - ADDED ENTRY ELEMENTS (KOHA)
Source of classification or shelving scheme Library of Congress Classification
Koha item type Books
Holdings
Withdrawn status Lost status Source of classification or shelving scheme Damaged status Home library Current library Shelving location Date acquired Source of acquisition Total Checkouts Total Renewals Full call number Barcode Date last seen Date checked out Price effective from Koha item type
    Library of Congress Classification   College Library College Library Filipiniana Section 05/23/2017 Library Fund 2 3 PL 6051 .M35 2014 C20897 11/27/2018 11/17/2018 05/23/2017 Books

Makabagong filipino sa nagbabagong panahon :

APA

Nuncio E. M., . (2014). Makabagong filipino sa nagbabagong panahon. Quezon City: C & E Publishing, Inc.

Chicago

Nuncio Elizabeth Morales, . 2014. Makabagong filipino sa nagbabagong panahon. Quezon City: C & E Publishing, Inc.

Harvard

Nuncio E. M., . (2014). Makabagong filipino sa nagbabagong panahon. Quezon City: C & E Publishing, Inc.

MLA

Nuncio Elizabeth Morales, . Makabagong filipino sa nagbabagong panahon. Quezon City: C & E Publishing, Inc. 2014.

  • Place hold
  • Print
  • Cite
  • Add to your cart (remove)
  • Save record
    BIBTEX Dublin Core MARCXML MARC (non-Unicode/MARC-8) MARC (Unicode/UTF-8) MARC (Unicode/UTF-8, Standard) MODS (XML) RIS
  • More searches
    Search for this title in:
    Other Libraries (WorldCat) Other Databases (Google Scholar) Online Stores (Bookfinder.com) Open Library (openlibrary.org)

Exporting to Dublin Core...

SOUTHVILLE LIBRARY

Southville International School and Colleges Library

1281 Tropical Ave. Cor. Luxembourg St., BF Homes International, Las Pinas City

Tel. No. 8256374 / 252358 Loc. 117/146

Powered by Koha